Stories from fairy land: alice in Wohnderlan (Record no. 987713)

MARC details
000 -LEADER
fixed length control field 00372nam a2200133Ia 4500
008 - FIXED-LENGTH DATA ELEMENTS--GENERAL INFORMATION
fixed length control field 151001s9999||||xx |||||||||||||| ||und||
100 ## - MAIN ENTRY--PERSONAL NAME
Personal name Publishing House Angela
245 ## - TITLE STATEMENT
Title Stories from fairy land: alice in Wohnderlan
250 ## - EDITION STATEMENT
Edition statement 1
260 ## - PUBLICATION, DISTRIBUTION, ETC. (IMPRINT)
Name of publisher, distributor, etc Angel Publishing pvt.ltd
260 ## - PUBLICATION, DISTRIBUTION, ETC. (IMPRINT)
Date of publication, distribution, etc 2006
300 ## - PHYSICAL DESCRIPTION
Extent 16
365 ## - TRADE PRICE
Price amount 24

No items available.